| 000 | 00678nam a22002057a 4500 | ||
|---|---|---|---|
| 005 | 20150519160027.0 | ||
| 010 | _aENG-112711 | ||
| 020 |
_a9788172132316 _c850.00 |
||
| 035 | _aEN-96243 | ||
| 037 | _bDBAD/PUB | ||
| 082 | _a954.51 | ||
| 245 |
_aInterpreting heritage : _cedited by Nizara Hazarika [and] Biman Patowary _ba discourse on heritage at risk / |
||
| 260 |
_aGuwahati _bPurbanchal Prakash _c2014 |
||
| 270 |
_aH.N.2, Sewjee Path, Wireless, _bGuwahati _e781001 |
||
| 300 |
_a423p. : _c23cm(Hb) _bill. |
||
| 500 | _aIncludes bibliographical references | ||
| 700 | _aHazarika, Nizara | ||
| 700 | _aPatowary, Biman | ||
| 942 |
_2ddc _cEN _mINT _h954.51 |
||
| 999 |
_c92988 _d92988 |
||